Dermatology (Record no. 6012)

MARC details
000 -LEADER
fixed length control field 01068cam a22003257i 4500
001 - CONTROL NUMBER
control field 18358718
003 - CONTROL NUMBER IDENTIFIER
control field OSt
005 - DATE AND TIME OF LATEST TRANSACTION
control field 20210316161045.0
008 - FIXED-LENGTH DATA ELEMENTS--GENERAL INFORMATION
fixed length control field 141103s2014 enka 001 0 eng
010 ## - LIBRARY OF CONGRESS CONTROL NUMBER
LC control number 2014469729
015 ## - NATIONAL BIBLIOGRAPHY NUMBER
National bibliography number GBB421228
Source bnb
016 7# - NATIONAL BIBLIOGRAPHIC AGENCY CONTROL NUMBER
Record control number 101634362
Source DNLM
016 7# - NATIONAL BIBLIOGRAPHIC AGENCY CONTROL NUMBER
Record control number 016635774
Source Uk
020 ## - INTERNATIONAL STANDARD BOOK NUMBER
International Standard Book Number 9780723435716
035 ## - SYSTEM CONTROL NUMBER
System control number (OCoLC)ocn871305863
040 ## - CATALOGING SOURCE
Original cataloging agency NLM
Language of cataloging eng
Transcribing agency NLM
Modifying agency UKMGB
-- BTCTA
-- YDXCP
-- CUX
-- CNMBL
-- CUS
-- OCLCF
-- VET
-- DLC
Description conventions rda
042 ## - AUTHENTICATION CODE
Authentication code nlmcopyc
-- lccopycat
082 ## - DEWEY DECIMAL CLASSIFICATION NUMBER
Classification number WR100 D446j 2012
100 ## - MAIN ENTRY--PERSONAL NAME
Personal name Bolognia, Jean L.; Jorizzo, Joseph L.; Schaffer, Julie V.
9 (RLIN) 13973
245 00 - TITLE STATEMENT
Title Dermatology
250 ## - EDITION STATEMENT
Edition statement 3rd.ed. vol.1&2
264 #1 - PRODUCTION, PUBLICATION, DISTRIBUTION, MANUFACTURE, AND COPYRIGHT NOTICE
Place of production, publication, distribution, manufacture New York;
Name of producer, publisher, distributor, manufacturer Elsevier Saunders,
Date of production, publication, distribution, manufacture, or copyright notice 2012.
300 ## - PHYSICAL DESCRIPTION
Extent xxv, 2572p :
Other physical details col.ill ;
Dimensions 28 cm
500 ## - GENERAL NOTE
General note Includes index and bibliographical references
650 #0 - SUBJECT ADDED ENTRY--TOPICAL TERM
Topical term or geographic name as entry element Dermatology.
9 (RLIN) 502
650 12 - SUBJECT ADDED ENTRY--TOPICAL TERM
Topical term or geographic name as entry element Skin Diseases
9 (RLIN) 4529
906 ## - LOCAL DATA ELEMENT F, LDF (RLIN)
a 7
b cbc
c copycat
d 2
e ncip
f 20
g y-gencatlg
942 ## - ADDED ENTRY ELEMENTS (KOHA)
Koha item type Book Bank
Source of classification or shelving scheme Other/Generic Classification Scheme
Holdings
Withdrawn status Lost status Source of classification or shelving scheme Damaged status Not for loan Home library Current library Date acquired Source of acquisition Inventory number Total Checkouts Full call number Barcode Date last seen Koha item type Date last checked out
    Other/Generic Classification Scheme     MUST Main Library MUST Main Library 27/02/2018 Purchase 17/40570   WR100 D446j 2012 2018-0110 27/02/2018 Book Bank  
    Other/Generic Classification Scheme     MUST Main Library MUST Main Library 27/02/2018 Purchase 17/40571 3 WR100 D446j 2012 2018-0111 14/04/2022 Book Bank 17/03/2022
    Other/Generic Classification Scheme     MUST Main Library MUST Main Library 27/02/2018 Purchase 17/40569 3 WR100 D446j 2012 2018-0112 05/04/2022 Book Bank 28/01/2022
    Other/Generic Classification Scheme     MUST Main Library MUST Main Library 27/02/2018 Purchase 17/40568 2 WR100 D446j 2012 2018-0113 12/04/2022 Book Bank 21/01/2022